[Event "Padova op-B 2nd"]
[Site "Padova"]
[Date "1999.12.18"]
[Round "4.39"]
[White "Marangon, Matteo"]
[Black "Moschini, Costantino"]
[Result "0-1"]
[WhiteElo "1500"]
[BlackElo "1513"]
[PlyCount "50"]
[EventDate "1999.12.11"]
[EventType "swiss"]
[EventRounds "6"]
[EventCountry "ITA"]
[SourceTitle "EXT 2024"]
[Source "ChessBase"]
[SourceDate "2023.10.10"]
[SourceVersion "1"]
[SourceVersionDate "2023.10.10"]
[SourceQuality "1"]

1. e4 d6 2. Nf3 Nf6 3. Nc3 g6 4. Bc4 Bg7 5. d4 0-0 6. 0-0 Nxe4 7. Bxf7+ Rxf7 8. Nxe4 h6 9. Be3 Qf8 10. c3 Bg4 11. Ned2 Nc6 12. Qb3 Rb8 13. Rae1 Kh7 14. h3 Bf5 15. c4 e5 16. g4 Bd7 17. dxe5 Nxe5 18. Nxe5 Bxe5 19. Bxa7 Re8 20. Be3 Bc6 21. Qc2 Rf3 22. h4 Rh3 23. f4 Rh1+ 24. Kf2 Rh2+ 25. Kg1 Rg2+ 0-1

[Event "Padova op-B 2nd"]
[Site "Padova"]
[Date "1999.12.12"]
[Round "3.36"]
[White "Musiani, Carlo"]
[Black "Marangon, Matteo"]
[Result "1-0"]
[WhiteElo "1500"]
[BlackElo "1500"]
[PlyCount "81"]
[EventDate "1999.12.11"]
[EventType "swiss"]
[EventRounds "6"]
[EventCountry "ITA"]
[SourceTitle "EXT 2024"]
[Source "ChessBase"]
[SourceDate "2023.10.10"]
[SourceVersion "1"]
[SourceVersionDate "2023.10.10"]
[SourceQuality "1"]

1. e4 c5 2. Nf3 d6 3. d4 cxd4 4. Nxd4 Nf6 5. Nc3 Nc6 6. Bg5 Qb6 7. Nxc6 bxc6 8. Rb1 Ng4 9. Qd2 h5 10. Na4 Qc7 11. f3 Nf6 12. Bc4 e6 13. Qc3 Be7 14. Be3 0-0 15. 0-0 Rb8 16. Bf4 e5 17. Be3 Bd7 18. b4 d5 19. Bxd5 Nxd5 20. exd5 Qd6 21. Bc5 Qf6 22. Bxe7 Qxe7 23. dxc6 Rfc8 24. b5 Qg5 25. Kh1 h4 26. Rg1 Be6 27. Rbe1 Rxb5 28. Rb1 Rxb1 29. Rxb1 Bxa2 30. Re1 Rd8 31. Qa5 Rd2 32. Rg1 Rxc2 33. Qxa7 Rxc6 34. Qa8+ Rc8 35. Qxc8+ Kh7 36. Qc2+ g6 37. Qxa2 h3 38. Qxf7+ Kh6 39. gxh3 e4 40. Rxg5 e3 41. Qxg6# 1-0